| 000 | 01420cam a22003251i 4500 | ||
|---|---|---|---|
| 999 |
_c127675 _d127675 |
||
| 001 | 9132818 | ||
| 003 | ARRUPE | ||
| 005 | 20180320103220.0 | ||
| 007 | cr_||||||||||| | ||
| 008 | 770831s1902 nyu 000 0 eng | ||
| 010 | _a 03000460 | ||
| 035 | _a(OCoLC)3230947 | ||
| 040 |
_aDLC _cMoWgW _dDLC |
||
| 042 | _apremarc | ||
| 050 | 0 | 0 |
_aB21 _b.S8 |
| 082 | _a104 | ||
| 100 | 1 |
_aSturt, Henry Cecil (ed.) _d1863- , _940712 |
|
| 245 | 1 | 0 |
_aPersonal idealism : _bphilosophical essays by eight members of the University of Oxford / _cedited by Henry Sturt. |
| 260 |
_aLondon : _bMacmillan and Co. , _c1902. |
||
| 300 |
_aix, 393 p. ; _c22 cm. |
||
| 505 | 0 | _aError, by G. F. Stout.--Axioms as postulates, by F. C. S. Schiller.--The problem of freedom in its relation to psychology, by W. R. Boyce.--The limits of evolution, by G. E. Underhill.--Origin and validity in ethics, by R. R. Marett.--Art and personality, by H. Sturt.--The future of ethics: effort or abstention? by F. W. Bussell.--Personality, human and divine, by H. Rashdall. | |
| 530 | _aAlso available in digital form on the Internet Archive Web site. | ||
| 650 | 0 |
_aPhilosophy. _xAddresses _925189 |
|
| 650 | 0 |
_aPersonalism. _92153 |
|
| 650 | 0 |
_aIdealism. _940713 |
|
| 856 | 4 | 1 | _uhttp://hdl.loc.gov/loc.gdc/scd0001.00176552700 |
| 906 |
_a7 _bcbc _coclcrpl _du _encip _f19 _gy-gencatlg |
||
| 942 |
_2lcc _cMONOGRAPH |
||